000 00657nam a2200193Ia 4500
003 GCL
008 140319s9999 xx 000 0 ara d
040 _aGCL /
_cGCL
082 0 4 _a813.01
_bم ا
100 1 _aعبدالتواب يوسف
245 1 0 _aالفراشات البيضاء /
_cعبدالتواب يوسف
700 1 _aمحمد مصطفى توفيق
300 _a123 ص
490 _aالهيئة العامة للاستعلامات
_v0
650 0 4 _aالقصص العربية القصيرة
650 0 4 _aالقصص العربية القصيرة - مصر
650 0 4 _aالادب العربى - العصر الحديث
942 _2ddc
_cBK
999 _c50016
_d50016